000 00559nam a22002057a 4500
003 BD-DhSAU
005 20230829101551.0
008 151018b2018 ii a||||||||| 001 0 eng d
020 _a9789387642867
040 _aBD-DhSAU
082 _222
_b632.3
_aEs11
100 _aEsaiyas, T
245 _aHorticultural Plant Diseases and Their Control /
_cT. Esaiyas
260 _a New York :
_bAgri Horti Press,
_c2018.
300 _a316 p. :
_bill.,
_c22cm.
504 _aInclude index
590 _aKobir
650 _aHorticultural Plants
942 _2ddc
_cBOOK
999 _c13157
_d13156